000 01050nam a2200337Ia 4500
001 Z_6448
003 CHAP
008 220113s9999 xx 000 0 und d
010 _a169708
020 _a10: 0-8138-0402-7 (papel alcalino) \ 13: 978-0-8138-0402-6
040 _cCHAP
082 _a636.20896 C44
100 _aChenoweth, Peter J.
_9144812
245 _aBeef practice : cow-calf production medicine /
_c Peter J. Chenoweth y Michael W. Sanderson.
260 _aEstados Unidos de América :
_bBlackwell Publishing,
_c
300 _axv, 310 p.
503 _aej.1: consumo \ ej.2: C/E \ ej.3: C/E
504 _aIncluye bibliografía e índice
650 _aTerneros
_x
_x Enfermedades
_9144813
650 _aTerneros
_x
_x Salud
_9144814
650 _aVacas
_x
_x Enfermedades
_9144815
650 _aVacas
_x
_x Salud
_9144816
650 _aVeterinaria
_9118987
700 _aSanderson, Michael W., coaut.
_9144817
901 _a636.20896 C44
902 _aM
910 _a
942 _c1
942 _cc1
999 _c169708
_d169708